[Event "RUS-chT Men Rapid 2019"]
[Site "Sochi"]
[Date "2019.10.18"]
[Round "1.18"]
[White "Denishev, Marat"]
[Black "Iljin, Artem"]
[Result "0-1"]
[WhiteElo "2167"]
[BlackElo "2509"]
[Annotator "TA"]
[PlyCount "132"]
[EventDate "2019.10.18"]
[EventType "swiss"]
[EventCountry "RUS"]
[SourceTitle "playchess.com"]
[Source "ChessBase"]
[SourceQuality "1"]

{[%evp 11,148,5,13,19,19,19,14,14,17,2,10,2,1,-3,0,0,0,0,6,0,-12,-82,0,0,27,-82,-70,-114,-101,-112,-109,-139,-98,-164,-143,-157,-104,-177,-204,-167,-66,-131,-70,-121,-103,-87,-62,-61,70,-78,-83,-104,-87,-102,-69,-108,-63,-96,-51,-97,44,-167,-150,-156,-127,-109,-125,-262,-261,-241,-252,-252,-202,-298,-300,-318,-319,-448,-446,-452,-340,-397,0,-433,-355,-391,-365,-424,-377,-370,-378,-360,-341,-333,16,-439,-397,-448,-440,-574,-562,-601,-561,-695,-733,-735,-720,-720,-706,-906,-871,-1380,-1271,-1162,-1129,-1883,-1879,-29988,-29989,-29990,-29987,-29987,-2694,-29978,-29979,-29989,-29990,-29991,-5911,-29988,-29989,-29990,-29989,-29990,-29989,-29989,-29990,-29992,-29993]} 1. e4 c5 2. Nf3 e6 3. b3 Nc6 4. Bb2 d6 5. d4 cxd4 6. Nxd4 Nf6 7. Nxc6 {B50: Sicilian: 2...d6, Miscellaneous} (7. Bd3 Be7 8. O-O O-O 9. c4 a6 10. Nd2 Qc7 11. Rc1 Bd7 12. Kh1 Rac8 13. f4 Qb6 14. Nc2 Rfd8 15. Rf3 {1-0 (61) Ivanchuk,V (2710)-Movsesian,S (2653) Huaian 2016}) 7... bxc6 8. Bd3 e5 9. O-O {The position is equal.} Be7 10. c4 Nd7 11. Nc3 Nc5 12. Bc2 O-O 13. Ne2 a5 14. f4 exf4 $146 ({Predecessor:} 14... Qb6 15. Kh1 f6 16. Bc3 Be6 17. Qe1 Nd7 18. Ng3 Rfb8 19. fxe5 dxe5 20. Nh5 Bf7 21. Qh4 Qe3 {½-½ (21) Sbarra,M (2228)-Maccagno,G (2099) Bratto 2004}) 15. Nxf4 Bf6 16. e5 (16. Bxf6 $11 Qxf6 17. Ne2) 16... dxe5 (16... Bxe5 $17 17. Nd3 Bxb2 18. Nxb2 g6) 17. Nh5 $11 Be7 18. Qf3 (18. Qb1 $11 {remains equal.}) 18... f6 $17 19. Qg3 {[%csl Gh5][%cal Rg3g7]} Rf7 20. Rad1 Qf8 21. h3 Be6 22. Qe3 (22. Kh2 $17 {might work better.}) 22... g6 23. Ng3 Rd8 ({Black should play} 23... a4 24. Rd2 axb3 25. axb3 Ra2) 24. Bc3 (24. Kh1 $17) 24... Rxd1 $19 25. Rxd1 {[#]} Nd7 (25... Na4 $1 $19 {[%mdl 512] aiming for ...Bc5.} 26. Kh1 (26. bxa4 $2 Bc5 $19) 26... Bc5) 26. Qe2 (26. Qf3 $15) 26... Bb4 (26... Qb8 $1 $17 27. Kh1 a4 $1 {[%mdl 512]} 28. bxa4 f5) 27. Bb2 (27. Bxb4 $15 axb4 28. Ne4) 27... Qb8 28. Ne4 Kg7 29. Kh1 Bf8 (29... Qc7 $15) 30. Bc1 (30. Ng5 $1 $14 {keeps the upper hand.} fxg5 31. Rxd7 $1 {[%mdl 512]}) 30... Nc5 $17 31. Nd2 Rd7 32. Rf1 Qd8 33. Nf3 Qc7 34. Qe3 Kg8 35. Bb2 {[%cal Rf3e5]} Bf7 ({Black should try} 35... Rf7 $17 36. Bc3 Bf5 37. Bxf5 gxf5) 36. Qf2 $2 {[#]} (36. Nh2 $1 $14 {stays ahead.} f5 37. Nf3 (37. Bxe5 Bd6 $11)) 36... Ne6 $1 $19 37. Nd2 {With the idea Ne4.} f5 {White must now prevent ...Bc5.} 38. Nf3 Bg7 $36 {[%mdl 2048] Black is really pushing.} 39. Qe3 (39. g4 $17) 39... e4 40. Bxg7 Nxg7 41. Ng5 Ne6 42. Nxf7 (42. Nxe6 $142 Bxe6 43. g4) 42... Rxf7 ({Less strong is} 42... Kxf7 43. Bxe4 Qe5 44. Qe1 $15) 43. Qc3 c5 44. a3 (44. Bb1 $142) 44... Nd4 {Hoping for ...Ne2.} 45. Bd1 Qb6 46. Qg3 Qc7 47. Qc3 $1 Nc6 48. Qd2 Qe5 49. Be2 f4 50. Qd5 Qxd5 51. cxd5 {[%mdl 4096] Endgame KRB-KRN} Nd4 $1 {[%csl LRb3,LRe2]} 52. Bc4 {d6 is the strong threat.} Rf6 $2 (52... Kf8 $19 {Threatens to win with ...e3.} 53. Rd1 Rb7) 53. d6+ $2 {[%mdl 8192] [#]} (53. b4 $1 $11) 53... Kf8 $1 54. h4 h6 55. Bd5 e3 56. Bc4 g5 57. hxg5 hxg5 58. Kh2 Rh6+ 59. Kg1 Rxd6 60. Rc1 Ke7 61. Kf1 Rh6 {[%cal Rh6h1]} 62. Kg1 Kd6 63. Rd1 Ke5 64. Rb1 g4 65. b4 axb4 66. axb4 f3 {Played: Rh6-b6} 0-1

[Event "RUS-chT Men Rapid 2019"]
[Site "Sochi"]
[Date "2019.10.18"]
[Round "1.19"]
[White "Faizrakhmanov, Ramil"]
[Black "Mochalin, Faddey"]
[Result "1-0"]
[WhiteElo "2434"]
[BlackElo "2199"]
[Annotator "NA"]
[PlyCount "71"]
[EventDate "2019.10.18"]
[EventType "swiss"]
[EventCountry "RUS"]
[SourceTitle "playchess.com"]
[Source "ChessBase"]
[SourceQuality "1"]
[TimeControl "900+10"]

1. d4 {[%emt 0:00:00]} d5 {[%emt 0:00:00]} 2. c4 {[%emt 0:00:00]} e6 {[%emt 0:00:01]} 3. Nf3 {[%emt 0:00:00]} Nf6 {[%emt 0:00:02]} 4. Nc3 {[%emt 0:00:03]} c6 {[%emt 0:00:02]} 5. e3 {[%emt 0:00:36]} Nbd7 {[%emt 0:00:04]} 6. Qc2 {[%emt 0:00:21]} Bd6 {[%emt 0:00:14]} 7. b3 {[%emt 0:00:14]} O-O {[%emt 0:00:11]} 8. Be2 {[%emt 0:00:04]} b6 {[%emt 0:00:14]} 9. O-O {[%emt 0:00:07]} Bb7 {[%emt 0:00:04]} 10. Bb2 {[%emt 0:00:10]} Qe7 {[%emt 0:00:37]} 11. Rfd1 {[%emt 0:00:24]} Rad8 {[%emt 0:00:30]} 12. h3 {[%emt 0:00:38]} Rfe8 {[%emt 0:00:16]} 13. e4 {[%emt 0:02:36]} dxe4 {[%emt 0:01:32]} 14. Nxe4 {[%emt 0:00:05]} Nxe4 {[%emt 0:02:31]} 15. Qxe4 {[%emt 0:00:02]} Nf6 {[%emt 0:00:55]} 16. Qh4 {[%emt 0:00:09]} Nd7 {[%emt 0:01:42]} 17. Qe4 {[%emt 0:04:49]} Nf6 {[%emt 0:01:55]} 18. Qe3 {[%emt 0:00:41]} c5 {[%emt 0:00:23]} 19. Ne5 {[%emt 0:00:13]} Qc7 {[%emt 0:03:09]} 20. Bf3 {[%emt 0:00:44]} Bxf3 {[%emt 0:00:58]} 21. Nxf3 {[%emt 0:00:02]} h6 {[%emt 0:01:20]} 22. Rd3 {[%emt 0:02:49]} Rd7 {[%emt 0:01:20]} 23. Rad1 {[%emt 0:00:31]} Red8 {[%emt 0:00:11]} 24. d5 {[%emt 0:00:34]} Bf4 {[%emt 0:00:36]} 25. Qe2 {[%emt 0:00:03]} exd5 {[%emt 0:00:09]} 26. Bxf6 {[%emt 0:00:03]} gxf6 {[%emt 0:00:03]} 27. Rxd5 {[%emt 0:00:11]} Rxd5 {[%emt 0:00:11]} 28. cxd5 {[%emt 0:00:01]} Qd7 {[%emt 0:00:17]} 29. Qe4 {[%emt 0:00:27]} Bd6 {[%emt 0:00:05]} 30. Nh4 {[%emt 0:00:05]} Bf8 {[%emt 0:00:12]} 31. Nf5 {[%emt 0:00:10]} Qe8 {[%emt 0:00:15]} 32. Qg4+ {[%emt 0:00:11]} Kh7 {[%emt 0:00:08]} 33. Rd3 {[%emt 0:00:06]} Qe1+ {[%emt 0:00:12]} 34. Kh2 {[%emt 0:00:01]} Bd6+ {[%emt 0:00:09]} 35. Nxd6 {[%emt 0:00:08]} Rxd6 {[%emt 0:00:11]} 36. Rg3 {[%emt 0:00:01]} 1-0

[Event "RUS-chT Men Rapid 2019"]
[Site "Sochi"]
[Date "2019.10.18"]
[Round "1.20"]
[White "Gutkovich, Polina"]
[Black "Samusenko, Maksim"]
[Result "0-1"]
[WhiteElo "2105"]
[BlackElo "2445"]
[Annotator "NA"]
[PlyCount "71"]
[EventDate "2019.10.18"]
[EventType "swiss"]
[EventCountry "RUS"]
[SourceTitle "playchess.com"]
[Source "ChessBase"]
[SourceQuality "1"]
[TimeControl "900+10"]

1. d4 {[%emt 0:00:00]} Nf6 {[%emt 0:00:00]} 2. c4 {[%emt 0:00:00]} g6 {[%emt 0:00:00]} 3. Nc3 {[%emt 0:00:00]} Bg7 {[%emt 0:00:00]} 4. Nf3 {[%emt 0:00:00]} O-O {[%emt 0:00:00]} 5. Bg5 {[%emt 0:00:00]} d6 {[%emt 0:00:00]} 6. e3 {[%emt 0:00:00]} Nbd7 {[%emt 0:00:00]} 7. Be2 {[%emt 0:00:00]} c6 {[%emt 0:00:04]} 8. O-O {[%emt 0:00:01]} a6 {[%emt 0:00:21]} 9. h3 {[%emt 0:00:03]} b5 {[%emt 0:00:04]} 10. Nd2 {[%emt 0:01:04]} bxc4 {[%emt 0:00:52]} 11. Nxc4 {[%emt 0:02:45]} c5 {[%emt 0:00:50]} 12. Rc1 {[%emt 0:02:39]} cxd4 {[%emt 0:01:03]} 13. exd4 {[%emt 0:00:17]} Rb8 {[%emt 0:02:19]} 14. Bf3 {[%emt 0:00:58]} a5 {[%emt 0:01:33]} 15. b3 {[%emt 0:00:37]} Ba6 {[%emt 0:00:37]} 16. Re1 {[%emt 0:00:02]} Rc8 {[%emt 0:01:35]} 17. Na4 {[%emt 0:01:02]} Re8 18. Qd2 {[%emt 0:01:07]} Bxc4 {[%emt 0:05:27]} 19. bxc4 {[%emt 0:00:01]} e5 {[%emt 0:00:29]} 20. c5 {[%emt 0:02:18]} dxc5 {[%emt 0:00:19]} 21. dxc5 {[%emt 0:00:16]} Qc7 {[%emt 0:01:05]} 22. c6 {[%emt 0:01:59]} Nf8 {[%emt 0:00:07]} 23. Be3 {[%emt 0:00:44]} e4 {[%emt 0:00:22]} 24. Bb6 {[%emt 0:00:15]} Qe5 {[%emt 0:00:22]} 25. Be2 {[%emt 0:00:56]} Ne6 {[%emt 0:00:13]} 26. Ba6 {[%emt 0:00:08]} Ra8 {[%emt 0:00:19]} 27. Bb7 {[%emt 0:00:02]} Rab8 {[%emt 0:00:07]} 28. Qxa5 {[%emt 0:00:09]} Nd5 {[%emt 0:00:14]} 29. Ba7 {[%emt 0:00:23]} Rbd8 {[%emt 0:00:08]} 30. Nc5 {[%emt 0:00:18]} Nef4 {[%emt 0:00:55]} 31. Nd7 {[%emt 0:00:32]} Qg5 {[%emt 0:00:01]} 32. g3 {[%emt 0:00:33]} Nxh3+ {[%emt 0:00:04]} 33. Kh2 {[%emt 0:00:28]} Qh5 {[%emt 0:00:08]} 34. g4 {[%emt 0:00:36]} Qxg4 {[%emt 0:00:10]} 35. Qxd5 {[%emt 0:00:14]} Nf4 {[%emt 0:00:06]} 36. Qb3 {[%emt 0:00:33]} 0-1

[Event "RUS-chT Men Rapid 2019"]
[Site "Sochi"]
[Date "2019.10.18"]
[Round "1.21"]
[White "Papin, Vasily"]
[Black "Ponkratov, Pavel"]
[Result "0-1"]
[WhiteElo "2481"]
[BlackElo "2621"]
[Annotator "TA"]
[PlyCount "66"]
[EventDate "2019.10.18"]
[EventType "swiss"]
[EventCountry "RUS"]
[SourceTitle "playchess.com"]
[Source "ChessBase"]
[SourceQuality "1"]

{[%evp 9,120,24,29,-10,0,-13,0,-8,0,-13,0,0,9,-1,11,0,22,0,0,0,0,0,-20,-40,-4,-10,0,-59,-58,-71,-61,-95,-78,-127,-141,-151,-152,-131,-147,-135,-110,-106,-85,-93,-71,-116,-95,-147,-81,-157,-120,-151,-173,-159,-162,-228,-160,-200,-101,-160,-132,-134,-142,-124,-128,-587,-587,-572,-107,-107,-123,-119,-104,-110,-98,-113,-73,-72,-73,-236,-243,-233,-236,-289,-289,-300,-321,-347,-347,-435,-358,-409,-364,-361,-357,-355,-356,-488,-406,-493,-477,-470,-463,-447,-431,-423,-414,-545,-534,-537,-534,-566,-505]} 1. Nf3 ({Predecessor:} 1. c4 e5 2. d3 Nf6 3. Nf3 Nc6 4. a3 a5 5. e3 g6 6. Be2 Bg7 7. Nc3 d5 8. cxd5 Nxd5 9. Qc2 O-O {0-1 (39) Vernacki,S (2348)-Rogic,D (2555) Bol 2014}) 1... Nf6 2. c4 g6 3. Nc3 d5 4. cxd5 Nxd5 5. Qc2 $146 (5. Qb3 Nb6 6. d4 Bg7 7. Bf4 O-O 8. Rd1 c6 9. e4 Bg4 10. Be2 Bxf3 11. Bxf3 Bxd4 12. Ne2 c5 13. e5 Nc6 14. e6 f5 15. h4 Qc8 16. Bxc6 Qxc6 17. Nxd4 cxd4 {1-0 (42) Maghsoodloo,P (2666)-Safarli,E (2681) Bandar e Anzali 2019}) 5... Nc6 6. a3 {A16: English Opening: 1...Nf6 with ...d5} Bg7 7. e3 O-O 8. Be2 {The position is equal.} e5 9. O-O a5 10. d3 Be6 11. Ne4 h6 12. Bd2 Kh8 13. Rab1 f5 14. Nc5 Bc8 $1 15. Rfc1 g5 16. b4 axb4 17. axb4 g4 18. Ne1 ({White should try} 18. b5 $11 Nce7 19. Nh4) 18... Qf6 $15 19. b5 Nce7 20. Bf1 b6 21. Na4 f4 $1 {[%cal Rf4e3]} 22. exf4 exf4 23. Bc3 Nxc3 24. Nxc3 Ra7 25. Ne4 Qg6 26. Rb4 Nf5 {...Nd4 is the strong threat.} 27. Qd2 Nd4 $36 {[%mdl 2048] White must now prevent ...Be6. Keeping White busy.} 28. Nc2 (28. Rcc4 $142 Ne6 29. f3) 28... Ne6 (28... Ra2 $142 {aiming for ...g3!} 29. Nc3 {[#]} Nf3+ $1 {[%mdl 512]} 30. gxf3 gxf3+ 31. Kh1 Rg8 $1 {[%mdl 512]}) 29. Rc4 (29. d4 $142) 29... Bd7 30. Qb4 Rf5 31. Nc3 g3 32. fxg3 (32. f3 $142) 32... fxg3 $19 33. h3 Rf7 {Played: Qg6-g5} 0-1

[Event "RUS-chT Men Rapid 2019"]
[Site "Sochi"]
[Date "2019.10.18"]
[Round "1.22"]
[White "Gutenev, Alexander"]
[Black "Bogachkova, Alena"]
[Result "1-0"]
[WhiteElo "2469"]
[BlackElo "2060"]
[Annotator "ChessBase"]
[PlyCount "39"]
[EventDate "2019.10.18"]
[EventType "swiss"]
[EventCountry "RUS"]
[SourceTitle "playchess.com"]
[Source "ChessBase"]
[SourceQuality "1"]
[TimeControl "900+10"]

1. e4 {[%emt 0:00:00]} c5 {[%emt 0:00:00]} 2. Nc3 {[%emt 0:00:00]} Nc6 {[%emt 0:00:00]} 3. Bb5 {[%emt 0:00:00]} Nd4 {[%emt 0:00:01]} 4. Nf3 {[%emt 0:00:00]} g6 {[%emt 0:00:10]} 5. Bc4 {[%emt 0:00:01]} Bg7 {[%emt 0:00:16]} 6. Nxd4 {[%emt 0:00:03]} cxd4 {[%emt 0:00:01]} 7. Qf3 {[%emt 0:00:01]} e6 {[%emt 0:03:03]} 8. Nb5 {[%emt 0:00:02]} d6 {[%emt 0:00:47]} 9. Qa3 {[%emt 0:00:04]} Be5 {[%emt 0:07:15]} 10. O-O {[%emt 0:00:03]} g5 {[%emt 0:01:56]} 11. c3 {[%emt 0:00:48]} dxc3 {[%emt 0:02:29]} 12. dxc3 {[%emt 0:00:03]} Nh6 {[%emt 0:00:13]} 13. f4 {[%emt 0:02:06]} gxf4 {[%emt 0:00:02]} 14. Bxf4 {[%emt 0:00:04]} Qb6+ {[%emt 0:00:21]} 15. Kh1 {[%emt 0:00:02]} Ng4 {[%emt 0:00:18]} 16. Bxe5 {[%emt 0:01:27]} Nxe5 {[%emt 0:00:22]} 17. Nxd6+ {[%emt 0:00:04]} Kd8 {[%emt 0:00:08]} 18. Nxf7+ {[%emt 0:00:14]} Nxf7 {[%emt 0:00:21]} 19. Rxf7 {[%emt 0:00:04]} Re8 {[%emt 0:00:10]} 20. Rd1+ {[%emt 0:00:05]} 1-0

[Event "RUS-chT Men Rapid 2019"]
[Site "Sochi"]
[Date "2019.10.18"]
[Round "1.23"]
[White "Mamedov, Elmin"]
[Black "Radzhabov, Rodion"]
[Result "0-1"]
[WhiteElo "2149"]
[BlackElo "2404"]
[Annotator "NA"]
[PlyCount "86"]
[EventDate "2019.10.18"]
[EventType "swiss"]
[EventCountry "RUS"]
[SourceTitle "playchess.com"]
[Source "ChessBase"]
[SourceQuality "1"]
[TimeControl "900+10"]

1. b3 {[%emt 0:00:00]} d5 {[%emt 0:00:00]} 2. Bb2 {[%emt 0:00:00]} Nf6 {[%emt 0:00:04]} 3. e3 {[%emt 0:00:04]} g6 {[%emt 0:00:14]} 4. Nf3 {[%emt 0:00:05]} Bg7 {[%emt 0:00:02]} 5. Bb5+ {[%emt 0:00:12]} c6 {[%emt 0:00:15]} 6. Be2 {[%emt 0:00:01]} O-O {[%emt 0:00:07]} 7. O-O {[%emt 0:00:02]} a5 {[%emt 0:00:45]} 8. a4 {[%emt 0:00:08]} Nbd7 {[%emt 0:02:24]} 9. d4 {[%emt 0:06:10]} Ne4 {[%emt 0:01:21]} 10. Nfd2 {[%emt 0:00:21]} Nxd2 {[%emt 0:00:45]} 11. Nxd2 {[%emt 0:00:07]} e5 {[%emt 0:00:25]} 12. dxe5 {[%emt 0:00:07]} Nxe5 {[%emt 0:00:03]} 13. Rb1 {[%emt 0:01:07]} Bf5 {[%emt 0:02:42]} 14. f4 {[%emt 0:00:42]} Nd7 {[%emt 0:02:22]} 15. Bxg7 {[%emt 0:00:12]} Kxg7 {[%emt 0:00:01]} 16. g4 {[%emt 0:00:21]} Be4 {[%emt 0:00:02]} 17. Nxe4 {[%emt 0:00:19]} dxe4 {[%emt 0:00:01]} 18. Qd4+ {[%emt 0:02:19]} Nf6 {[%emt 0:00:08]} 19. Rbd1 {[%emt 0:00:27]} Qxd4 {[%emt 0:02:18]} 20. Rxd4 {[%emt 0:00:06]} Nd5 {[%emt 0:00:02]} 21. Kf2 {[%emt 0:00:15]} Rfe8 {[%emt 0:00:50]} 22. Bc4 {[%emt 0:00:55]} Nb6 {[%emt 0:00:12]} 23. Rfd1 {[%emt 0:00:15]} Re7 {[%emt 0:00:22]} 24. Bf1 {[%emt 0:02:23]} Nd5 {[%emt 0:00:26]} 25. c4 {[%emt 0:00:12]} Nb4 {[%emt 0:00:07]} 26. Rd7 {[%emt 0:01:05]} Rae8 {[%emt 0:00:04]} 27. R1d6 {[%emt 0:00:24]} Na6 {[%emt 0:00:18]} 28. Rxe7 {[%emt 0:00:15]} Rxe7 {[%emt 0:00:01]} 29. f5 {[%emt 0:00:19]} gxf5 {[%emt 0:00:25]} 30. gxf5 {[%emt 0:00:00]} f6 {[%emt 0:00:02]} 31. Kg3 {[%emt 0:00:31]} Nc5 {[%emt 0:00:02]} 32. Kf4 {[%emt 0:00:01]} Nxb3 {[%emt 0:00:11]} 33. Rd8 {[%emt 0:00:19]} Nc5 {[%emt 0:01:14]} 34. Ra8 {[%emt 0:00:18]} Re5 {[%emt 0:00:14]} 35. Ra7 {[%emt 0:00:23]} Kf7 {[%emt 0:00:34]} 36. Kg4 {[%emt 0:00:17]} h5+ {[%emt 0:00:01]} 37. Kf4 {[%emt 0:00:06]} Ke7 {[%emt 0:00:06]} 38. Be2 {[%emt 0:00:01]} h4 {[%emt 0:00:06]} 39. Kg4 {[%emt 0:00:08]} Kd6 {[%emt 0:00:46]} 40. Rxa5 {[%emt 0:00:09]} Re8 {[%emt 0:00:01]} 41. Kxh4 {[%emt 0:00:07]} Nb3 {[%emt 0:00:15]} 42. Ra7 {[%emt 0:00:07]} Kc7 {[%emt 0:00:01]} 43. a5 {[%emt 0:00:10]} Kb8 {[%emt 0:00:01]} 0-1

[Event "RUS-chT Men Rapid 2019"]
[Site "Sochi"]
[Date "2019.10.18"]
[Round "1.24"]
[White "Remizov, Yaroslav"]
[Black "Izabakarov, Kamil"]
[Result "1-0"]
[WhiteElo "2394"]
[BlackElo "1918"]
[Annotator "TA"]
[PlyCount "127"]
[EventDate "2019.10.18"]
[EventType "swiss"]
[EventCountry "RUS"]
[SourceTitle "playchess.com"]
[Source "ChessBase"]
[SourceQuality "1"]

{[%evp 14,127,16,6,22,25,25,10,112,114,133,151,122,126,210,98,109,77,115,116,220,45,65,0,321,293,275,323,295,313,308,284,280,107,220,8,8,0,7,0,0,0,102,0,0,0,0,0,0,0,62,0,0,0,66,0,16,0,0,0,23,0,0,0,0,0,0,-7,0,0,0,-8,-8,-8,-8,-8,-8,-8,-8,-12,-8,-12,0,0,0,0,0,0,0,0,0,0,0,0,0,0,0,0,0,0,0,8,8,8,8,8,8,8,29979,8,29980,29981,29980,29981,29983,29984]} 1. e4 e6 2. d4 d5 3. Nc3 Nf6 4. e5 Nfd7 5. f4 c5 6. Nf3 Nc6 7. Be3 a6 8. a3 b5 {C11: French: Classical System: 4 e5 and 4 Bg5 dxe4} 9. g3 (9. Ne2 b4 10. axb4 Nxb4 11. c3 Nc6 12. g3 Rb8 13. Rb1 Be7 14. Bg2 a5 15. O-O O-O 16. g4 {½-½ (39) Kryvoruchko,Y (2698)-Svane,R (2600) Germany 2019}) 9... Qb6 10. Bg2 f6 $146 (10... Be7 $11) ({Predecessor:} 10... cxd4 11. Nxd4 Nxd4 12. Bxd4 Bc5 13. Ne2 Bxd4 14. Qxd4 Bb7 15. Qxb6 Nxb6 16. Nd4 {½-½ (36) Dai,C (2458)-Xu,Y (2545) China 2018}) 11. f5 $16 cxd4 12. fxe6 dxe3 13. Nxd5 Qa7 14. exd7+ (14. exf6 $1 $18 Nxf6 15. Ng5) 14... Bxd7 15. Qe2 fxe5 16. O-O-O Bc5 (16... O-O-O $16) 17. Ng5 $2 (17. b4 $18) 17... O-O {[#]} 18. Nxh7 $1 {[%mdl 512]} Bf5 $2 {[%mdl 8192]} (18... Rf2 $11 {and Black is okay.} 19. Ndf6+ {[%mdl 64] Discovered Attack} gxf6 20. Qxf2 exf2 21. Rxd7 Be3+ 22. Kb1 Qxd7 23. Nxf6+ {[%mdl 64] Double Attack} Kg7 24. Nxd7 e4 25. Bxe4 Re8) (18... Kxh7 19. Qh5+) 19. Nxf8 $18 Rxf8 20. Rhf1 Nd4 21. Qxe3 Nxc2 22. Qxe5 Ne3 23. g4 $2 (23. Rf3 $18 {[%cal Rd5e3] and White stays clearly on top.} Nc4 24. Qe1) 23... Nxf1 (23... Nxg4 $16 {was necessary.} 24. Qxf5 (24. Qc3 Bf2 $11) 24... Rxf5 25. Rxf5 g6) 24. Rxf1 $2 (24. gxf5 $18 Ne3 25. f6 gxf6 26. Qe6+ (26. Nxf6+ Rxf6 27. Qxf6 Nxd1 $16) 26... Kh8 27. Rd3) 24... Bg6 25. Rxf8+ Bxf8 26. Nf4 Bf7 27. Bd5 Qc5+ {[#]} (27... Qg1+ $11 28. Kc2 Qxh2+ 29. Kb3 Qg3+ 30. Ka2 Qxg4) 28. Kb1 (28. Kd2 $1 $16 {Intending Bxf7+ and mate.} Bxd5 29. Qxd5+ Qxd5+ 30. Nxd5) 28... Qg1+ $11 29. Ka2 {Bxf7+ would kill now.} Qxg4 30. Bxf7+ Kxf7 31. Qd5+ Ke8 (31... Ke7 $11 32. Qe5+ Kf7) 32. Qa8+ (32. Ne6 $1 $14 Be7 33. Nc7+ {[%mdl 64] Double Attack} Kf8 34. Nxa6 (34. Qa8+ Kf7 $14)) 32... Kf7 33. Qd5+ (33. Qe4 $11) 33... Ke8 $14 34. Qe5+ (34. Ne6 $1 $14 Be7 35. Nc7+ {[%mdl 64] Double Attack} Kf8 36. Nxa6 (36. Qa8+ Kf7 $14)) 34... Be7 35. Qe4 Kf7 36. Qd5+ Ke8 (36... Kf6 $5 {[%cal Rg4f4]} 37. Qe4 Bc5 $11) 37. Qg8+ (37. Ne6 {looks sharper.} Bf6 38. Nc7+ Ke7 39. Nxa6 Qe2 40. Qb3) 37... Bf8 38. Nd3 Qc4+ 39. Qxc4 bxc4 $11 {[%mdl 4096] Endgame KB-KN} 40. Nf2 Bd6 41. h3 Ke7 42. Kb1 Ke6 43. Kc2 Kd5 44. Nd1 Bc5 45. Nc3+ Ke5 46. Nb1 Bd4 47. Nd2 Kf4 48. Nxc4 Kg3 49. Kd3 Bf6 50. Ke4 Kxh3 51. Kf5 Bd4 52. b4 Kh4 53. Kg6 Kg4 54. Na5 Kf4 55. Nc6 Bb2 56. a4 Ke4 57. Nb8 Kd5 58. Nxa6 Bc3 59. b5 {[%cal Bb4b5,Bb5b6,Bb6b7][%mdl 32]} Kc4 60. b6 {Black must now prevent b7.} Kb3 $2 {[%mdl 8192]} (60... Bd4 $11) 61. Kf5 $2 (61. b7 {mates} Be5 62. Kf5 Bh2 63. Ke6 Bg3 64. Kd7 Kc2 65. Nc7 Be1 66. b8=Q) 61... Be1 $2 {[%mdl 8192]} (61... Bd4 $11) 62. b7 {White mates.} Bg3 {[#]} 63. Ke6 $1 {[%cal Re6d7]} Kxa4 64. Kd7 {Accuracy: White = 40%, Black = 50%.} 1-0

[Event "RUS-chT Men Rapid 2019"]
[Site "Sochi"]
[Date "2019.10.18"]
[Round "1.25"]
[White "Drygalov, Andrey"]
[Black "Chekhov, Sergei"]
[Result "0-1"]
[WhiteElo "2484"]
[BlackElo "2463"]
[Annotator "ChessBase"]
[PlyCount "90"]
[EventDate "2019.10.18"]
[EventType "swiss"]
[EventCountry "RUS"]
[SourceTitle "playchess.com"]
[Source "ChessBase"]
[SourceQuality "1"]
[TimeControl "900+10"]

1. e4 {[%emt 0:00:00]} c5 {[%emt 0:01:02]} 2. Nf3 {[%emt 0:00:00]} e6 {[%emt 0:00:01]} 3. d4 {[%emt 0:00:00]} cxd4 {[%emt 0:00:05]} 4. Nxd4 {[%emt 0:00:00]} a6 {[%emt 0:00:02]} 5. c4 {[%emt 0:00:00]} Nf6 {[%emt 0:00:12]} 6. Nc3 {[%emt 0:00:00]} Bb4 {[%emt 0:00:01]} 7. Qd3 {[%emt 0:00:07]} Qc7 {[%emt 0:00:30]} 8. a3 {[%emt 0:00:36]} Be7 {[%emt 0:00:03]} 9. Be2 {[%emt 0:00:32]} d6 {[%emt 0:00:19]} 10. b4 {[%emt 0:00:52]} Nbd7 {[%emt 0:00:28]} 11. f4 {[%emt 0:00:01]} b6 {[%emt 0:00:05]} 12. O-O {[%emt 0:00:13]} O-O {[%emt 0:01:20]} 13. Be3 {[%emt 0:00:34]} Rd8 {[%emt 0:01:09]} 14. Qc2 {[%emt 0:00:31]} Bb7 {[%emt 0:00:16]} 15. Rac1 {[%emt 0:00:08]} Rac8 {[%emt 0:00:19]} 16. Qb1 {[%emt 0:04:30]} Qb8 {[%emt 0:00:20]} 17. f5 {[%emt 0:00:13]} e5 {[%emt 0:02:44]} 18. Nb3 {[%emt 0:00:10]} b5 {[%emt 0:00:25]} 19. Nd5 {[%emt 0:01:56]} Bf8 {[%emt 0:00:22]} 20. Na5 {[%emt 0:00:47]} Ba8 {[%emt 0:00:08]} 21. Bg5 {[%emt 0:01:05]} bxc4 {[%emt 0:01:17]} 22. Bxf6 {[%emt 0:01:20]} Nxf6 {[%emt 0:00:06]} 23. Nxf6+ {[%emt 0:00:11]} gxf6 {[%emt 0:00:01]} 24. Bxc4 {[%emt 0:00:01]} d5 {[%emt 0:00:38]} 25. Bxd5 {[%emt 0:00:30]} Bxd5 {[%emt 0:00:23]} 26. exd5 {[%emt 0:00:01]} Rxd5 {[%emt 0:00:44]} 27. Qe4 {[%emt 0:01:36]} Rxc1 {[%emt 0:01:29]} 28. Rxc1 {[%emt 0:00:02]} Qb6+ {[%emt 0:00:06]} 29. Kh1 {[%emt 0:00:13]} Rd4 {[%emt 0:00:55]} 30. Qe2 {[%emt 0:00:01]} Bh6 {[%emt 0:00:26]} 31. Rf1 {[%emt 0:01:12]} Qb5 {[%emt 0:02:12]} 32. Qe1 {[%emt 0:01:43]} Rd3 {[%emt 0:00:27]} 33. Qe4 {[%emt 0:00:41]} Rd4 {[%emt 0:01:08]} 34. Qe1 {[%emt 0:00:01]} Rd3 {[%emt 0:00:01]} 35. Qe4 {[%emt 0:00:01]} Rd4 {[%emt 0:00:42]} 36. Qe1 {[%emt 0:00:01]} Bg5 {[%emt 0:00:02]} 37. Nb3 {[%emt 0:01:06]} Rd3 {[%emt 0:00:10]} 38. Nc5 {[%emt 0:00:01]} Rxa3 {[%emt 0:00:07]} 39. Qd1 {[%emt 0:00:22]} Kg7 {[%emt 0:00:29]} 40. h4 {[%emt 0:00:07]} Bf4 {[%emt 0:00:10]} 41. Ne4 {[%emt 0:00:11]} h5 {[%emt 0:00:10]} 42. Nd6 {[%emt 0:00:07]} Qc6 {[%emt 0:00:08]} 43. Rf3 {[%emt 0:00:10]} Ra2 {[%emt 0:00:14]} 44. Qf1 {[%emt 0:00:12]} Qxd6 {[%emt 0:00:08]} 45. Rd3 {[%emt 0:00:05]} Qxd3 {[%emt 0:00:08]} 0-1